[Event "Caioba op 7th"]
[Site "Caioba"]
[Date "2023.06.22"]
[Round "6"]
[White "Kaneda, Eric Kazuichi"]
[Black "De Oliveira, Ana Julia"]
[Result "1-0"]
[WhiteElo "1802"]
[BlackElo "1522"]
[PlyCount "79"]
[EventDate "2023.06.18"]
[EventType "swiss"]
[EventRounds "9"]
[EventCountry "BRA"]
[SourceTitle "CBM 214 Extra"]
[Source "ChessBase"]
[SourceDate "2023.07.31"]
[SourceVersion "1"]
[SourceVersionDate "2023.07.31"]
[SourceQuality "1"]

1. d4 Nf6 2. Nf3 g6 3. e3 Bg7 4. Nbd2 d6 5. Bc4 0-0 6. 0-0 Nbd7 7. c3 b6 8. Re1 e5 9. Qc2 Bb7 10. e4 exd4 11. cxd4 d5 12. exd5 Nxd5 13. Qb3 N7f6 14. Ne5 a5 15. Ndf3 a4 16. Qd1 h6 17. a3 Ne7 18. Qc2 Bd5 19. Bd2 Nf5 20. Rad1 b5 21. Bxd5 Nxd5 22. Re4 Nd6 23. Nc6 Qf6 24. Re5 Nc4 25. Rxd5 Qxc6 26. Rc5 Qd7 27. Bf4 Ra7 28. Ne5 Nxe5 29. dxe5 Qg4 30. Bg3 Rb7 31. h3 Qe6 32. Rdd5 Rfb8 33. f4 Bf8 34. Bh4 Qb6 35. Kh2 Bxc5 36. Rxc5 Re8 37. Rc6 Qe3 38. Rxg6+ Kf8 39. Rg3 Qxf4 40. Qc5+ 1-0

[Event "Florianopolis op-A 04"]
[Site "Florianopolis"]
[Date "2023.04.28"]
[Round "1"]
[White "Volkmann, Andre Jordi"]
[Black "Kaneda, Eric Kazuichi"]
[Result "0-1"]
[WhiteElo "2158"]
[BlackElo "1818"]
[PlyCount "141"]
[EventDate "2023.04.28"]
[EventType "swiss"]
[EventRounds "6"]
[EventCountry "BRA"]
[SourceTitle "CBM 214 Extra"]
[Source "ChessBase"]
[SourceDate "2023.07.31"]
[SourceVersion "1"]
[SourceVersionDate "2023.07.31"]
[SourceQuality "1"]

1. d4 Nf6 2. c4 e6 3. Nc3 d5 4. Bf4 Be7 5. e3 0-0 6. Nf3 b6 7. cxd5 exd5 8. Bd3 Bb7 9. 0-0 Nbd7 10. Nb5 c5 11. Rc1 c4 12. Bb1 Bc6 13. Nc3 b5 14. Ne5 Qb6 15. Qf3 Rad8 16. Bf5 Rfe8 17. Nxc6 Qxc6 18. e4 Nxe4 19. Nxe4 dxe4 20. Bxe4 Qb6 21. Be3 Nf6 22. Bc6 Rf8 23. Rfe1 Ne8 24. b3 Nd6 25. d5 Qa5 26. Bc5 Qxa2 27. bxc4 bxc4 28. Ra1 Qb3 29. Qxb3 cxb3 30. Rxa7 Bf6 31. Bb6 Rb8 32. Bc7 b2 33. Bxb8 Rxb8 34. Ra8 Rxa8 35. Bxa8 Nc4 36. Rd1 g6 37. d6 Nd2 38. g4 b1Q 39. Rxb1 Nxb1 40. f4 Nc3 41. Kg2 Kf8 42. Bc6 Ne2 43. f5 Nd4 44. Be4 Be5 45. fxg6 hxg6 46. h4 Bxd6 47. h5 Kg7 48. hxg6 fxg6 49. Kf2 Bf4 50. Bd5 Kf6 51. Bb7 Kg5 52. Bc8 Nc6 53. Bd7 Ne5 54. Be8 Nxg4+ 55. Kf3 Ne5+ 56. Ke4 Bh2 57. Bb5 Kh4 58. Ke3 g5 59. Kf2 g4 60. Kg2 Bf4 61. Ba6 Be3 62. Bb7 g3 63. Bc8 Bf2 64. Bb7 Kg4 65. Bd5 Ng6 66. Bb7 Nh4+ 67. Kh1 Kf4 68. Bc6 Ke3 69. Bb7 Ke2 70. Bc6 Bc5 71. Bb7 0-1

[Event "BRA-ch Universities"]
[Site "Aracaju"]
[Date "2014.11.02"]
[Round "6"]
[White "Kaneda, Eric Kazuichi"]
[Black "Souza, Rafael Cabral de"]
[Result "1/2-1/2"]
[WhiteElo "1832"]
[BlackElo "2138"]
[PlyCount "179"]
[EventDate "2014.10.30"]
[EventType "swiss"]
[EventRounds "7"]
[EventCountry "BRA"]
[SourceTitle "EXT 2018"]
[Source "ChessBase"]
[SourceDate "2017.10.13"]
[SourceVersion "1"]
[SourceVersionDate "2017.10.13"]
[SourceQuality "1"]

1. d4 Nf6 2. Bg5 Ne4 3. Bf4 c5 4. Nd2 Nxd2 5. Qxd2 cxd4 6. Qxd4 Nc6 7. Qd2 e5 8. Bg3 d5 9. e3 Be6 10. Nf3 f6 11. Be2 Qb6 12. 0-0 Be7 13. Rfd1 0-0 14. Rac1 Rfd8 15. c3 Rac8 16. Qc2 Na5 17. b3 Ba3 18. Rb1 Bb4 19. c4 Qc5 20. Qb2 Bf5 21. Ra1 Ba3 22. Qd2 dxc4 23. Qxd8+ Rxd8 24. Rxd8+ Kf7 25. bxc4 Nxc4 26. Rad1 Be6 27. Bxc4 Qxc4 28. Bxe5 Qxa2 29. Bf4 Be7 30. R8d2 Qa5 31. h3 b5 32. Nd4 Qb6 33. Rc1 Bc4 34. Nf5 g6 35. Nd6+ Bxd6 36. Rxd6 Qb7 37. Rcd1 Be6 38. Ra1 g5 39. Bg3 Bc8 40. Rc1 Ke7 41. Rdc6 Bd7 42. Rc7 Qd5 43. Rxa7 b4 44. Rb1 b3 45. Bc7 Qb5 46. Bg3 Qd3 47. Rb2 Qc3 48. Rb1 Qc2 49. Rf1 Ke6 50. Ra6+ Bc6 51. Rb6 h5 52. Bb8 Qe4 53. Rxc6+ Qxc6 54. Ba7 b2 55. Bd4 Qc1 56. Bxb2 Qxb2 57. Rd1 Qe2 58. Rc1 g4 59. hxg4 Qxg4 60. Rc6+ Kf5 61. Rd6 Qe2 62. Rd4 Qe1+ 63. Kh2 Qxf2 64. Rf4+ Qxf4+ 65. exf4 Kxf4 66. Kh3 Kg5 67. Kg3 h4+ 68. Kf3 f5 69. Kf2 Kf4 70. Kf1 Kg3 71. Kg1 f4 72. Kf1 Kg4 73. Kf2 Kg5 74. Ke2 Kf6 75. Kf2 Kf5 76. Ke2 Kg6 77. Kf3 Kg5 78. Ke2 Kf6 79. Kf3 Kf5 80. Ke2 Ke4 81. Kf2 Ke5 82. Kf3 Kf5 83. Ke2 Kg6 84. Kf3 Kg5 85. Ke2 Kg4 86. Kf2 Kh5 87. Kf3 Kg5 88. Ke2 Kg6 89. Kf3 Kg5 90. Ke2 1/2-1/2

[Event "Maringa op 4th"]
[Site "Maringa"]
[Date "2014.08.23"]
[Round "7"]
[White "Vieira, Gabriel Tortola Flo"]
[Black "Kaneda, Eric Kazuichi"]
[Result "0-1"]
[WhiteElo "2135"]
[BlackElo "1810"]
[PlyCount "96"]
[EventDate "2014.08.20"]
[EventType "swiss"]
[EventRounds "9"]
[EventCountry "BRA"]
[SourceTitle "EXT 2015"]
[Source "ChessBase"]
[SourceDate "2014.11.20"]
[SourceVersion "1"]
[SourceVersionDate "2014.11.20"]
[SourceQuality "1"]

1. e4 c5 2. Nf3 d6 3. d4 cxd4 4. Nxd4 Nf6 5. Nc3 g6 6. h3 Bg7 7. Be3 0-0 8. g4 Nc6 9. Qd2 Qa5 10. Nb3 Qc7 11. Bh6 Ne5 12. 0-0-0 Nc4 13. Qg5 Be6 14. Bxg7 Kxg7 15. Nd4 Nxb2 16. Kxb2 Qxc3+ 17. Kxc3 Nxe4+ 18. Kd3 Nxg5 19. f4 Bd5 20. Rh2 Ne6 21. Ke3 Nxd4 22. Rxd4 Be6 23. Bd3 f5 24. g5 Rac8 25. Ra4 a6 26. Kd4 Rc5 27. c4 Rfc8 28. Rb2 Bd7 29. Rab4 e5+ 30. Ke3 Bc6 31. h4 e4 32. Be2 Ra5 33. h5 d5 34. h6+ Kf8 35. Rd2 Rd8 36. cxd5 Raxd5 37. Rbd4 Rxd4 38. Rxd4 Rxd4 39. Kxd4 Bb5 40. Bd1 b6 41. Bb3 Be8 42. a3 Bf7 43. Bd1 Ke7 44. Ke5 b5 45. Kd4 Kd6 46. Be2 Be6 47. Bd1 a5 48. Bc2 b4 0-1

[Event "Parana-ch"]
[Site "Curitiba"]
[Date "2013.01.26"]
[Round "8"]
[White "Ishikawa, Juliana Harumi M"]
[Black "Kaneda, Eric Kazuichi"]
[Result "0-1"]
[WhiteElo "1800"]
[BlackElo "1815"]
[PlyCount "98"]
[EventDate "2013.01.22"]
[EventType "swiss"]
[EventRounds "9"]
[EventCountry "BRA"]
[SourceTitle "CBM 152 Extra"]
[Source "ChessBase"]
[SourceDate "2013.02.25"]
[SourceVersion "1"]
[SourceVersionDate "2013.02.25"]
[SourceQuality "1"]

1. c4 c5 2. Nc3 Nc6 3. g3 g6 4. Bg2 Bg7 5. Nf3 Nf6 6. d3 d5 7. cxd5 Nxd5 8. Bd2 0-0 9. 0-0 Nxc3 10. Bxc3 e5 11. Rb1 Be6 12. a3 Qe7 13. Qd2 Rfd8 14. Qc2 Rac8 15. Qa4 Bd5 16. Rfc1 Nd4 17. Bxd4 exd4 18. Re1 b6 19. b4 c4 20. dxc4 Bxc4 21. Rbd1 Bxe2 22. Rd2 d3 23. Bf1 Bc3 24. Rdxe2 dxe2 25. Rxe2 Qf6 26. Bg2 b5 27. Qb3 Bd4 28. Nxd4 Qxd4 29. Re1 Qd2 30. Qb1 Rc2 31. Rf1 Rb2 32. Qc1 Qxc1 33. Rxc1 Ra2 34. Bc6 a6 35. Bb7 Rxa3 36. Kg2 Kg7 37. Rb1 Rd2 38. Rf1 Rb2 39. h4 Rxb4 40. Kh3 Rd4 41. Rb1 b4 42. f3 b3 43. Be4 Rb4 44. Re1 b2 45. Bb1 a5 46. f4 a4 47. Kg4 Ra1 48. Kf3 a3 49. Ke3 a2 0-1

[Event "Parana-ch"]
[Site "Curitiba"]
[Date "2013.01.23"]
[Round "3"]
[White "Kaneda, Eric Kazuichi"]
[Black "Rocha, Juliana da Silva"]
[Result "1-0"]
[WhiteElo "1815"]
[BlackElo "1655"]
[PlyCount "71"]
[EventDate "2013.01.22"]
[EventType "swiss"]
[EventRounds "9"]
[EventCountry "BRA"]
[SourceTitle "CBM 152 Extra"]
[Source "ChessBase"]
[SourceDate "2013.02.25"]
[SourceVersion "1"]
[SourceVersionDate "2013.02.25"]
[SourceQuality "1"]

1. e4 e6 2. d4 b6 3. Bd3 Bb7 4. Nf3 Nf6 5. Qe2 c5 6. c3 cxd4 7. cxd4 Nc6 8. 0-0 Nb4 9. Nc3 Nxd3 10. Qxd3 a5 11. Re1 Ba6 12. Qd1 b5 13. e5 Ng4 14. Bf4 h5 15. h3 b4 16. Ne4 Nh6 17. d5 Nf5 18. Nd4 Nxd4 19. Qxd4 Rg8 20. dxe6 fxe6 21. Bg5 Qb8 22. Qd1 Rh8 23. Nd6+ Bxd6 24. exd6 Qb5 25. Qf3 Bb7 26. Qg3 a4 27. Be7 Kf7 28. Re5 Qc4 29. Rae1 Rh6 30. Rg5 Rg8 31. Qe3 Qxa2 32. Qf4+ Rf6 33. Bxf6 gxf6 34. Rxg8 Kxg8 35. Qxf6 Qd5 36. Qd8+ 1-0